Datum a čas kvízu
34
Celkem bodů
Celkový počet nahraných bodů na tomto kvízu bez doplňovacích otázek.
8.
Pořadí na kvízu
Konečné umístění týmu na tomto kvízu.
Zaznamenané odpovědi
| # | Otázka | Odpověď | Body | Výsledky |
|---|---|---|---|---|
| 1. | Jak se jmenuje hejtman, který... | Jan Krkoška, Moravskoslezský kraj | 0.5 | |
| 2. | Ve středu byl zveřejněn žebříč... | Finsko | 1 | |
| 3. | Jak se nazývá známé pražské di... | Ypsilon | 0 | |
| 4. | Český statistický úřad zveřejn... | C) hlávkové zelí | 0 | |
| 5. | V pondělí byla představena kol... | z (křišťálového) skla | 1 | |
| 6. | Toto literární téma vyhrálo mi... | Alchymista | 1 | |
| 7. | Dívka Fern jednoho dne pozoruj... | Šarlotina pavučinka, E. B. White | 0.5 | |
| 8. | Přiřaďte klasická díla ruské l... | 1B 2D 3A 4C | 1 | |
| 9. | Jedna z nejprodávanějších knih... | Anne Frank | 1 | |
| 10. | Na závěr se zaměříme na novějš... | Hvězdy nám nepřály | 1 |